| 000 | 00504nam a2200181Ia 4500 | ||
|---|---|---|---|
| 008 | 160105s9999 xx 000 0 und d | ||
| 041 | _afre | ||
| 110 | _aInstitut national de la recherche agronomique. Département de bioclimatologie | ||
| 245 | _aLa truffe et sa culture | ||
| 260 | _aParis | ||
| 260 | _bLarousse | ||
| 260 | _c1976 | ||
| 300 | _bill. | ||
| 654 | _xTUBER/CYCLE DE DEVELOPPEMENT/MYCORHIZE/PRODUCTION/VALEUR NUTRITIVE | ||
| 942 | _c09 | ||
| 994 | _a116753 | ||
| 999 |
_c16194 _d44192 |
||